[Event "NCL967 Midland Mons-Na Fianna"]
[Site "Rd2"]
[Date "1996.10.20"]
[Round "2.3"]
[White "Collinson, Adam"]
[Black "Lyell, Mark"]
[Result "1/2-1/2"]
[WhiteElo "2380"]
[BlackElo "2235"]
[PlyCount "60"]
[EventDate "1996.10.20"]
[Source "J.Saunders"]
[SourceDate "1998.06.06"]

1. e4 c5 2. Nf3 d6 3. d4 cxd4 4. Nxd4 Nf6 5. Nc3 g6 6. Be3 Bg7 7. f3 O-O 8. Qd2
Nc6 9. O-O-O d5 10. Qe1 e5 11. Nxc6 bxc6 12. exd5 Nxd5 13. Bc4 Be6 14. Ne4 Qc7
15. Bc5 Rfd8 16. g4 Nf4 17. Bxe6 Nxe6 18. Bd6 Qb6 19. c3 Rd7 20. Qf2 Rad8 21.
Qxb6 axb6 22. Rhg1 Nf4 23. Be7 Ne2+ 24. Kc2 Nd4+ 25. cxd4 Rxe7 26. dxe5 Rxd1
27. Rxd1 Bxe5 28. Rd8+ Kg7 29. g5 Re6 30. b3 f5 1/2-1/2

[Event "NCL967 Midland Mons-Na Fianna"]
[Site "Rd2"]
[Date "1996.10.20"]
[Round "2.4"]
[White "McMichael, Rick"]
[Black "Turner, Matthew"]
[Result "1/2-1/2"]
[WhiteElo "2200"]
[BlackElo "2425"]
[PlyCount "43"]
[EventDate "1996.10.20"]
[Source "J.Saunders"]
[SourceDate "1998.06.06"]

1. Nf3 c5 2. b3 Nc6 3. Bb2 Nf6 4. e3 d5 5. Bb5 Bg4 6. h3 Bxf3 7. Qxf3 e6 8.
Bxc6+ bxc6 9. d3 Bd6 10. Nc3 O-O 11. O-O Nd7 12. Qe2 Qh4 13. e4 Rae8 14. Rae1
f5 15. Na4 Nb6 16. Nxb6 axb6 17. exd5 cxd5 18. Qf3 d4 19. Qc6 Qd8 20. c3 dxc3
21. Bxc3 Qc7 22. Qxc7 1/2-1/2

[Event "NCL967 Midland Mons-Na Fianna"]
[Site "Rd2"]
[Date "1996.10.20"]
[Round "2.7"]
[White "Mason, Don"]
[Black "Connolly, Suzanne"]
[Result "1/2-1/2"]
[WhiteElo "2275"]
[BlackElo "1840"]
[PlyCount "63"]
[EventDate "1996.10.20"]
[Source "J.Saunders"]
[SourceDate "1998.06.06"]

1. d4 d5 2. c4 c6 3. Nf3 Nf6 4. Nc3 e6 5. Bg5 h6 6. Bxf6 Qxf6 7. e3 Nd7 8. Bd3
g6 9. O-O Bg7 10. e4 dxc4 11. Bxc4 O-O 12. Qc2 e5 13. d5 Nb6 14. dxc6 Qxc6 15.
Bb5 Qc5 16. Rac1 Be6 17. Qe2 Qe7 18. a4 Rac8 19. a5 Nc4 20. Nd5 Bxd5 21. Bxc4
Bc6 22. Bb5 Bd7 23. Bxd7 Qxd7 24. Qe3 Qb5 25. Qxa7 Rxc1 26. Rxc1 Qxb2 27. Qc5
Rd8 28. h4 Qe2 29. Qc7 Rd1+ 30. Rxd1 Qxd1+ 31. Kh2 Qa1 32. Qd8+ 1/2-1/2

[Event "NCL967 Midland Mons-Na Fianna"]
[Site "Rd2"]
[Date "1996.10.20"]
[Round "2.8"]
[White "O'Siochru, Mairead"]
[Black "Regan, Natasha"]
[Result "0-1"]
[WhiteElo "1880"]
[BlackElo "2155"]
[PlyCount "36"]
[EventDate "1996.10.20"]
[Source "J.Saunders"]
[SourceDate "1998.06.06"]

1. c4 e5 2. Nc3 Nc6 3. g3 f5 4. d3 Nf6 5. Bg2 Bc5 6. Nf3 O-O 7. O-O d6 8. a3
Qe8 9. Nb5 Bb6 10. Be3 Bxe3 11. Nxc7 Qf7 12. Nxa8 Bh6 13. Qb3 e4 14. dxe4 fxe4
15. Ne1 Be6 16. Nb6 axb6 17. Qxb6 Bxc4 18. Nc2 Nd5 0-1

[Event "NCL967 Invicta Kts-Bristol"]
[Site "Rd2"]
[Date "1996.10.20"]
[Round "2.1"]
[White "McDonald, Neil"]
[Black "Baker, Chris W"]
[Result "1-0"]
[WhiteElo "2500"]
[BlackElo "2370"]
[PlyCount "51"]
[EventDate "1996.10.20"]
[Source "J.Saunders"]
[SourceDate "1998.06.06"]

1. e4 c5 2. Nf3 e6 3. d4 cxd4 4. Nxd4 Nf6 5. Nc3 Bb4 6. e5 Ne4 7. Qg4 Qa5 8.
Qxg7 Bxc3+ 9. bxc3 Qxc3+ 10. Ke2 Qxd4 11. Qxh8+ Ke7 12. Ba3+ Nc5 13. Qf6+ Ke8
14. Qh8+ Ke7 15. Rd1 Qc3 16. Qf6+ Ke8 17. Qh8+ Ke7 18. Bc1 Ne4 19. Bh6 d5 20.
exd6+ Kd7 21. Qxh7 Qxc2+ 22. Ke3 Qxf2+ 23. Kxe4 Nc6 24. Bf4 Qc2+ 25. Bd3 Qa4+
26. Kf3 1-0

[Event "NCL967 Invicta Kts-Bristol"]
[Site "Rd2"]
[Date "1996.10.20"]
[Round "2.2"]
[White "Cole, Roland"]
[Black "Gormally, Danny"]
[Result "0-1"]
[WhiteElo "2215"]
[BlackElo "2300"]
[PlyCount "114"]
[EventDate "1996.10.20"]
[Source "J.Saunders"]
[SourceDate "1998.06.06"]

1. d4 Nf6 2. c4 g6 3. Nc3 d5 4. cxd5 Nxd5 5. e4 Nxc3 6. bxc3 Bg7 7. Bc4 O-O 8.
Ne2 c5 9. Be3 Nc6 10. h4 cxd4 11. cxd4 Qa5+ 12. Kf1 Qa3 13. Qb3 Qxb3 14. Bxb3
Na5 15. Ke1 Nxb3 16. axb3 b6 17. Kd2 Bb7 18. f3 f5 19. e5 Rfd8 20. Kc2 a6 21.
Kb2 Rac8 22. Rhc1 Kf7 23. Rxc8 Rxc8 24. Rc1 Rxc1 25. Nxc1 e6 26. Nd3 h6 27. Kc3
Bf8 28. d5 Bxd5 29. Bxb6 Be7 30. Nc5 Bxh4 31. Nxa6 Be1+ 32. Kc2 g5 33. Nc5 g4
34. Nd3 Bg3 35. fxg4 fxg4 36. Bf2 Bxf2 37. Nxf2 g3 38. Nh1 h5 39. Nxg3 h4 40.
Nf1 Bxg2 41. Nh2 Kg6 42. Kd3 Kf5 43. Ke3 Kxe5 44. b4 h3 45. b5 Kd5 46. Kf4 Kc5
47. Kg3 Kxb5 48. Ng4 Kc4 49. Kf2 Kd4 50. Nh2 e5 51. Ng4 Bc6 52. Kg3 e4 53. Kf2
Bd7 54. Nh2 e3+ 55. Ke1 Ke4 56. Kf1 Kf4 57. Kg1 Bb5 0-1

[Event "NCL967 Invicta Kts-Bristol"]
[Site "Rd2"]
[Date "1996.10.20"]
[Round "2.3"]
[White "Vigus, James"]
[Black "Copeland, Graham"]
[Result "1-0"]
[WhiteElo "2245"]
[BlackElo "2335"]
[PlyCount "93"]
[EventDate "1996.10.20"]
[Source "J.Saunders"]
[SourceDate "1998.06.06"]

1. d4 Nf6 2. Bg5 e6 3. e4 h6 4. Bxf6 Qxf6 5. Nc3 d6 6. Qd2 g5 7. Bb5+ Nd7 8.
O-O-O a6 9. Be2 c5 10. Nh3 cxd4 11. Qxd4 Qxd4 12. Rxd4 Be7 13. Kb1 Ne5 14. f3
Bd7 15. Nf2 O-O-O 16. Nfd1 Bc6 17. Ne3 Kc7 18. Rhd1 Rd7 19. a4 Bf6 20. b4 Rdd8
21. b5 axb5 22. axb5 Nxf3 23. Bxf3 Bxd4 24. Rxd4 Be8 25. Nc4 b6 26. Kb2 h5 27.
h3 f6 28. Kb3 Bf7 29. Kb4 e5 30. Nd5+ Bxd5 31. Rxd5 Rh7 32. Rd1 Rhh8 33. Ne3 h4
34. Nd5+ Kb7 35. Nxf6 Rhf8 36. Nd5 Rc8 37. c3 Ra8 38. Ne3 Rfd8 39. Nf5 Kc7 40.
Ng7 Rd7 41. Ne6+ Kb7 42. Nxg5 Ra2 43. Bg4 Rg7 44. Ne6 Rg8 45. Rxd6 Rb2+ 46. Kc4
Rc8+ 47. Kd3 1-0

[Event "NCL967 Invicta Kts-Bristol"]
[Site "Rd2"]
[Date "1996.10.20"]
[Round "2.4"]
[White "Collier, David"]
[Black "Brown, Simon D"]
[Result "0-1"]
[WhiteElo "2225"]
[BlackElo "2310"]
[PlyCount "86"]
[EventDate "1996.10.20"]
[Source "J.Saunders"]
[SourceDate "1998.06.06"]

1. d4 e6 2. c4 d5 3. Nc3 Be7 4. Bf4 Nf6 5. e3 O-O 6. cxd5 exd5 7. Bd3 c5 8.
Nge2 Nc6 9. dxc5 Bxc5 10. O-O h6 11. Rc1 Qe7 12. Bb1 Rd8 13. Nb5 Bg4 14. h3
Bxe2 15. Qxe2 a6 16. Qc2 Bb6 17. Nc3 d4 18. exd4 Nxd4 19. Qa4 Nh5 20. Rce1 Qh4
21. Be5 Nf4 22. Bxf4 Qxf4 23. Re4 Nf3+ 24. gxf3 Qg3+ 25. Kh1 Qxh3+ 26. Kg1 Qg3+
27. Kh1 Bxf2 28. Rxf2 Qxf2 29. Re2 Qxf3+ 30. Kg1 g6 31. Be4 Qg3+ 32. Rg2 Qe1+
33. Kh2 Qh4+ 34. Kg1 Qe1+ 35. Kh2 Rd2 36. Bxb7 Rad8 37. Qb3 Qh4+ 38. Kg1 Qe1+
39. Kh2 Rxg2+ 40. Bxg2 Qh4+ 41. Kg1 Qe1+ 42. Kh2 Rd2 43. Nd5 Qe5+ 0-1

[Event "NCL967 Invicta Kts-Bristol"]
[Site "Rd2"]
[Date "1996.10.20"]
[Round "2.6"]
[White "Grossett, D."]
[Black "Harakis, Alexis"]
[Result "1/2-1/2"]
[WhiteElo "1992"]
[BlackElo "2175"]
[PlyCount "119"]
[EventDate "1996.10.20"]
[Source "J.Saunders"]
[SourceDate "1998.06.06"]

1. d4 Nf6 2. Nf3 g6 3. c4 Bg7 4. Nc3 O-O 5. e4 d6 6. Be2 e5 7. O-O Nc6 8. d5
Ne7 9. Ne1 Ne8 10. f3 f5 11. g4 c6 12. Be3 fxg4 13. fxg4 Rxf1+ 14. Bxf1 Nf6 15.
h3 Kh8 16. Qd2 b5 17. cxb5 cxd5 18. exd5 h5 19. g5 Nd7 20. Qf2 Nf5 21. Nf3 Nb6
22. Nh4 Nxh4 23. Qxh4 Bf5 24. a4 Qg8 25. Rd1 e4 26. a5 Nd7 27. Nxe4 Re8 28. Bg2
Re5 29. Bxa7 Rxd5 30. Rxd5 Qxd5 31. Nc3 Qd2 32. Qf2 Qc1+ 33. Qf1 Qxb2 34. Nd5
Qa3 35. a6 Bd3 36. Qe1 Bxb5 37. Qe8+ Kh7 38. Nf6+ Nxf6 39. Qxb5 Qc1+ 40. Qf1
Qxg5 41. Bf2 Ne4 42. a7 Nxf2 43. a8=Q Bd4 44. Qf3 Ne4+ 45. Kh2 Qe5+ 46. Qf4 Nd2
47. Qxe5 Nxf1+ 48. Bxf1 Bxe5+ 49. Kg2 Kh6 50. Kf3 Kg5 51. Bd3 d5 52. Bc2 Kf6
53. Bb3 Ke6 54. Bc2 g5 55. Bg6 h4 56. Bh5 Bd4 57. Bg4+ Ke5 58. Ke2 Bg1 59. Kd3
Kf4 60. Bc8 1/2-1/2

[Event "NCL967 Invicta Kts-Bristol"]
[Site "Rd2"]
[Date "1996.10.20"]
[Round "2.7"]
[White "Powell, David H"]
[Black "Appleton, Fred"]
[Result "1/2-1/2"]
[WhiteElo "2140"]
[BlackElo "1864"]
[PlyCount "111"]
[EventDate "1996.10.20"]
[Source "J.Saunders"]
[SourceDate "1998.06.06"]

1. c4 g6 2. g3 c5 3. Bg2 Bg7 4. Nc3 Nc6 5. e3 e6 6. Nge2 Nge7 7. O-O O-O 8. Rb1
Rb8 9. a3 d5 10. d3 d4 11. exd4 cxd4 12. Na4 e5 13. b4 Bf5 14. h3 h5 15. b5 Na5
16. f3 b6 17. g4 Bd7 18. Ng3 f5 19. Bg5 Qe8 20. Re1 Nb7 21. gxf5 Nxf5 22. Nxf5
Rxf5 23. h4 Kh7 24. f4 Nd6 25. Nb2 Qf8 26. Qd2 Re8 27. fxe5 Bxe5 28. Re2 Bf4
29. Rxe8 Bxe8 30. Bxf4 Rxf4 31. Re1 Qf6 32. Qe2 Qxh4 33. Nd1 Bd7 34. Qe7+ Qxe7
35. Rxe7+ Rf7 36. Re5 Nf5 37. Nf2 Re7 38. Rxe7+ Nxe7 39. Ne4 Kg7 40. a4 Bf5 41.
c5 Bxe4 42. Bxe4 bxc5 43. a5 Nc8 44. Bb7 Nd6 45. Bc6 Kf6 46. b6 axb6 47. axb6
Ke5 48. Kf2 g5 49. b7 Nxb7 50. Bxb7 Kf4 51. Bg2 g4 52. Bd5 h4 53. Kg2 Ke3 54.
Bc4 Ke2 55. Bb5 Ke3 56. Bc4 1/2-1/2

[Event "NCL967 Wessex-BCM"]
[Site "Rd2"]
[Date "1996.10.20"]
[Round "2.1"]
[White "Yeo, Michael"]
[Black "Chandler, Murray"]
[Result "0-1"]
[WhiteElo "2205"]
[BlackElo "2550"]
[PlyCount "88"]
[EventDate "1996.10.20"]
[Source "J.Saunders"]
[SourceDate "1998.06.06"]

1. e4 c5 2. Nf3 Nc6 3. d4 cxd4 4. Nxd4 e5 5. Nb5 d6 6. N1c3 a6 7. Na3 b5 8. Nd5
Nge7 9. Bg5 h6 10. Bxb5 hxg5 11. Nxe7 axb5 12. Nxc6 Qd7 13. Nb4 Rh4 14. f3 f5
15. g3 Rh6 16. Nd5 Rb8 17. Qd3 Kf7 18. exf5 Qxf5 19. Qxf5+ Bxf5 20. O-O-O Rh3
21. c3 g6 22. Nc2 g4 23. fxg4 Bh6+ 24. Kb1 Bxg4 25. Rdf1+ Kg7 26. Rf2 Bf5 27.
Rhf1 Bg5 28. g4 Be6 29. Ncb4 Rbh8 30. b3 Rc8 31. Nf6 Bh4 32. Nbd5 Bxf2 33. Rxf2
Bxd5 34. Nxd5 Rd3 35. Nf6 Rdxc3 36. g5 Rd3 37. Kb2 Rd4 38. h3 b4 39. a4 Rd3 40.
a5 Rxh3 41. Nd5 Rc5 42. Rc2 Rxd5 43. Rc7+ Kf8 44. a6 Rh2+ 0-1

[Event "NCL967 Wessex-BCM"]
[Site "Rd2"]
[Date "1996.10.20"]
[Round "2.2"]
[White "Mestel, Jonathan"]
[Black "Upton, Ian"]
[Result "1-0"]
[WhiteElo "2510"]
[BlackElo "2235"]
[PlyCount "91"]
[EventDate "1996.10.20"]
[Source "J.Saunders"]
[SourceDate "1998.06.06"]

1. c4 f5 2. g3 Nf6 3. Bg2 g6 4. d4 Bg7 5. Nh3 d6 6. d5 c6 7. Nf4 Qb6 8. Nc3 Bd7
9. O-O Na6 10. a3 Nc5 11. b4 Nce4 12. Nxe4 Nxe4 13. Bxe4 fxe4 14. Be3 c5 15.
Rb1 Qc7 16. bxc5 dxc5 17. d6 exd6 18. Nd5 Qc6 19. Qc2 Kf7 20. Qxe4 Rhe8 21.
Qf3+ Kg8 22. Rxb7 Qxb7 23. Ne7+ Rxe7 24. Qxb7 Rae8 25. Qd5+ Be6 26. Qxd6 Bxc4
27. Re1 Bd4 28. Bxd4 cxd4 29. Qxd4 Bxe2 30. Qd5+ Kf8 31. Qc5 Kf7 32. f3 a6 33.
Kf2 Bb5 34. Rxe7+ Rxe7 35. g4 Re6 36. Qa7+ Re7 37. Qa8 Kg7 38. Qd5 Re2+ 39. Kg3
Re7 40. a4 Be8 41. Qd6 Rd7 42. Qxa6 Bf7 43. Qc6 Rd3 44. Qe4 Rd7 45. h4 Bd5 46.
Qe8 1-0

[Event "NCL967 Wessex-BCM"]
[Site "Rd2"]
[Date "1996.10.20"]
[Round "2.3"]
[White "Neil, David"]
[Black "Giddins, Steve"]
[Result "1/2-1/2"]
[WhiteElo "2295"]
[BlackElo "2345"]
[PlyCount "95"]
[EventDate "1996.10.20"]
[Source "J.Saunders"]
[SourceDate "1998.06.06"]

1. e4 e6 2. d4 d5 3. Nc3 Bb4 4. Qd3 Ne7 5. Bd2 b6 6. exd5 exd5 7. O-O-O O-O 8.
Qf3 Nbc6 9. Bg5 Be6 10. Bd3 Bxc3 11. bxc3 Qd7 12. h3 Bf5 13. Ne2 Bxd3 14. Rxd3
f6 15. Bf4 Na5 16. Qg4 Qc6 17. Re3 Rae8 18. Re1 Ng6 19. Ng3 Nc4 20. Rxe8 Rxe8
21. Rxe8+ Qxe8 22. Bd2 Nf8 23. Kd1 a5 24. Nh5 Qg6 25. Qxg6 Nxg6 26. Bc1 Kf7 27.
Nf4 Nxf4 28. Bxf4 c6 29. Ke2 g5 30. Bc1 Ke6 31. Kd3 h5 32. f3 h4 33. Ke2 Kf5
34. Kd3 Nd6 35. Ke3 a4 36. Kd3 Nc4 37. Ke2 Ke6 38. Kd3 Nd6 39. Bd2 Kf5 40. Bc1
Kg6 41. Ba3 Nc4 42. Be7 b5 43. Bd8 f5 44. f4 gxf4 45. Bxh4 Kh5 46. Ke2 {
(...is given in the bulletin but must be wrong...)} a3 47. Kf3 Nd2+ 48. Ke2
1/2-1/2

[Event "NCL967 Wessex-BCM"]
[Site "Rd2"]
[Date "1996.10.20"]
[Round "2.4"]
[White "Friedgood, David"]
[Black "Noyce, Robert"]
[Result "1/2-1/2"]
[WhiteElo "2270"]
[BlackElo "2205"]
[PlyCount "121"]
[EventDate "1996.10.20"]
[Source "J.Saunders"]
[SourceDate "1998.06.06"]

1. c4 Nf6 2. Nc3 g6 3. e4 d6 4. d4 Bg7 5. Be2 O-O 6. Nf3 e5 7. O-O Nc6 8. d5
Ne7 9. Ne1 Ne8 10. Be3 f5 11. f3 f4 12. Bf2 h5 13. a4 Rf7 14. a5 g5 15. c5 Bf8
16. c6 Rg7 17. cxb7 Bxb7 18. Ra4 Bc8 19. Qb3 Ng6 20. Rb4 Bd7 21. Bb5 Bxb5 22.
Nxb5 a6 23. Na7 g4 24. Nc6 Qg5 25. Rb8 Rxb8 26. Qxb8 Nf6 27. Qc8 g3 28. Qe6+
Kh7 29. Ba7 gxh2+ 30. Kh1 h4 31. Rf2 Nh5 32. Qh3 Qg3 33. Qxh2 Ne7 34. Nd3 Nxc6
35. dxc6 Be7 36. Rc2 Qg5 37. Qh3 Ng3+ 38. Kg1 Nh5 39. Rc3 Qg6 40. Rb3 Ng3 41.
Bf2 Qf7 42. Rb8 Rg8 43. Rxg8 Kxg8 44. Qc8+ Bf8 45. Qg4+ Bg7 46. Qc8+ Kh7 47.
Bxg3 fxg3 48. Qf5+ Qxf5 49. exf5 Bh6 50. Nb4 Bd2 51. Nd5 Bxa5 52. b4 Bxb4 53.
Nxc7 Ba5 54. Nxa6 d5 55. c7 Bxc7 56. Nxc7 d4 57. Ne6 Kh6 58. Nc5 Kg5 59. Kf1
Kxf5 60. Ke2 Kf4 61. Nd3+ 1/2-1/2

[Event "NCL967 Wessex-BCM"]
[Site "Rd2"]
[Date "1996.10.20"]
[Round "2.5"]
[White "Tunks, Dominic"]
[Black "Cafferty, Bernard"]
[Result "1/2-1/2"]
[WhiteElo "2112"]
[BlackElo "2240"]
[PlyCount "103"]
[EventDate "1996.10.20"]
[Source "J.Saunders"]
[SourceDate "1998.06.06"]

1. e4 Nf6 2. e5 Nd5 3. d4 d6 4. Nf3 g6 5. Be2 Bg7 6. c4 Nb6 7. exd6 cxd6 8. O-O
O-O 9. Nc3 Nc6 10. b3 Bg4 11. Be3 e6 12. Rc1 d5 13. c5 Nc8 14. Qd2 N8e7 15.
Rfd1 Nf5 16. Ne1 Bxe2 17. Nxe2 Qa5 18. Qxa5 Nxa5 19. Bf4 Nc6 20. Nf3 h5 21. a3
f6 22. Ng3 Rfe8 23. Nxf5 exf5 24. h4 Re4 25. g3 Rae8 26. Rd3 g5 27. hxg5 fxg5
28. Nxg5 Rxd4 29. Rcd1 Rxd3 30. Rxd3 d4 31. Kf1 a5 32. Bd2 Re5 33. b4 axb4 34.
axb4 Rd5 35. Ne6 Be5 36. Ke2 Kf7 37. Ng5+ Kg6 38. Nf3 Bf6 39. Ra3 Nd8 40. Kd3
Rd7 41. Bf4 Ne6 42. Be5 Ng5 43. Nxg5 Bxe5 44. Nf3 Bf6 45. Ra7 Rh7 46. b5 f4 47.
c6 bxc6 48. Rxh7 Kxh7 49. bxc6 Bd8 50. Ng5+ Kg6 51. Ne6 fxg3 52. fxg3 1/2-1/2

[Event "NCL967 Wessex-BCM"]
[Site "Rd2"]
[Date "1996.10.20"]
[Round "2.6"]
[White "Bellin, Jana"]
[Black "Marsh, Roger DW"]
[Result "1/2-1/2"]
[WhiteElo "2215"]
[BlackElo "2045"]
[PlyCount "83"]
[EventDate "1996.10.20"]
[Source "J.Saunders"]
[SourceDate "1998.06.06"]

1. d4 g6 2. c4 Bg7 3. Nc3 d6 4. e4 Nc6 5. Nge2 e5 6. Be3 exd4 7. Nxd4 Nge7 8.
Be2 O-O 9. O-O f5 10. exf5 Nxf5 11. Nxf5 Rxf5 12. Qd2 Ne7 13. Rad1 Bd7 14. Bd4
Bxd4 15. Qxd4 Bc6 16. Bg4 Re5 17. f4 Nf5 18. Qd2 Re7 19. Bxf5 gxf5 20. Nd5 Rg7
21. Rf3 Qf8 22. Re1 Re8 23. Rxe8 Bxe8 24. Qd4 b6 25. Re3 Bc6 26. Nf6+ Kf7 27.
g3 Qd8 28. Nd5 Kg8 29. Re6 Bxd5 30. Qxd5 Rf7 31. b4 Kg7 32. c5 Rf6 33. Re2 Qf8
34. Qc6 Qf7 35. cxb6 cxb6 36. Qc3 Kg6 37. Qc8 Qd5 38. Qe8+ Kh6 39. Qe7 Kg6 40.
Qe8+ Kh6 41. Qe7 Kg6 42. Qe8+ 1/2-1/2

[Event "NCL967 Wessex-BCM"]
[Site "Rd2"]
[Date "1996.10.20"]
[Round "2.8"]
[White "Wareing, John"]
[Black "Howard, Emily"]
[Result "0-1"]
[WhiteElo "1888"]
[BlackElo "1904"]
[PlyCount "76"]
[EventDate "1996.10.20"]
[Source "J.Saunders"]
[SourceDate "1998.06.06"]

1. e4 c6 2. d4 d5 3. exd5 cxd5 4. c4 Nf6 5. Nf3 Bg4 6. Nc3 Nc6 7. cxd5 Nxd5 8.
Qb3 Nxc3 9. bxc3 Bxf3 10. gxf3 Qc7 11. Bf4 Qa5 12. O-O-O Rc8 13. Bc4 Qf5 14.
Be5 Nxe5 15. dxe5 Qf4+ 16. Kb1 Qxc4 17. Qxb7 Qc7 18. Qb5+ Qc6 19. Qxc6+ Rxc6
20. Rd3 e6 21. Rhd1 Rc8 22. Rd7 Bc5 23. Rb7 O-O 24. Rdd7 Bxf2 25. Kc2 Bb6 26.
a4 Rc5 27. f4 g6 28. Kb3 Rd5 29. Re7 Rd2 30. h4 Rf2 31. Kb4 Rxf4+ 32. c4 Rc8
33. Kb3 Rf3+ 34. Ka2 Rxc4 35. Re8+ Kg7 36. Rxe6 Rc2+ 37. Kb1 Rg2 38. Rc6 Rb3+
0-1

[Event "NCL967 Northumbria-Witney"]
[Site "Rd2"]
[Date "1996.10.20"]
[Round "2.1"]
[White "McNab, Colin"]
[Black "Ansell, Simon"]
[Result "1-0"]
[WhiteElo "2465"]
[BlackElo "2420"]
[PlyCount "39"]
[EventDate "1996.10.20"]
[Source "J.Saunders"]
[SourceDate "1998.06.06"]

1. c4 c5 2. Nf3 Nc6 3. g3 g6 4. Bg2 Bg7 5. Nc3 e6 6. d4 cxd4 7. Nb5 d5 8. cxd5
Qa5+ 9. Nd2 Qxb5 10. dxc6 Ne7 11. a4 Qa6 12. b4 Nd5 13. b5 Qa5 14. Ba3 bxc6 15.
O-O cxb5 16. axb5 d3 17. Bxd5 exd5 18. Bb2 Qxb5 19. Bxg7 Rg8 20. Bd4 1-0

[Event "NCL967 Northumbria-Witney"]
[Site "Rd2"]
[Date "1996.10.20"]
[Round "2.2"]
[White "Truran, Michael"]
[Black "Ledger, Andrew"]
[Result "0-1"]
[WhiteElo "2255"]
[BlackElo "2415"]
[PlyCount "107"]
[EventDate "1996.10.20"]
[Source "J.Saunders"]
[SourceDate "1998.06.06"]

1. d4 Nf6 2. c4 g6 3. f3 d5 4. cxd5 Nxd5 5. e4 Nb6 6. Nc3 Bg7 7. Be3 O-O 8. f4
f5 9. Qb3+ e6 10. e5 a5 11. Nf3 a4 12. Qc2 Nc6 13. Rc1 Nb4 14. Qd2 Bd7 15. Be2
Bc6 16. O-O N4d5 17. a3 Bh6 18. g3 Qe7 19. Bf2 Kh8 20. h4 Rg8 21. Nxd5 Nxd5 22.
Rc5 Qd7 23. Rfc1 Rgb8 24. R5c2 Bf8 25. Be3 Be7 26. Kf2 Bb5 27. h5 Rg8 28. hxg6
Rxg6 29. Rh1 Rag8 30. Rh3 b6 31. Rc1 c5 32. Rch1 R8g7 33. Rc1 Bxe2 34. Qxe2
cxd4 35. Bd2 d3 36. Qxd3 Bc5+ 37. Nd4 Nxf4 38. Bxf4 Bxd4+ 39. Kg2 Bxb2 40. Qxd7
Rxd7 41. Rc8+ Kg7 42. Rb8 Bxa3 43. Rxb6 Ra7 44. Rh1 Be7 45. Kf3 a3 46. Rc1 Kf7
47. Rbb1 Rg8 48. Be3 Rd7 49. Rh1 Rh8 50. Rb6 Ra8 51. Rxh7+ Kg8 52. Rh1 a2 53.
Ra1 Rd3 54. Rc6 0-1

[Event "NCL967 Northumbria-Witney"]
[Site "Rd2"]
[Date "1996.10.20"]
[Round "2.3"]
[White "Bell, Stephen"]
[Black "Haydon, Richard"]
[Result "1-0"]
[WhiteElo "2365"]
[BlackElo "2220"]
[PlyCount "32"]
[EventDate "1996.10.20"]
[Source "J.Saunders"]
[SourceDate "1998.06.06"]

1. d4 d6 2. e4 Nf6 3. Nc3 g6 4. Nf3 Bg7 5. Be2 O-O 6. O-O Bg4 7. a4 Nc6 8. a5
a6 9. b3 Na7 10. Be3 Nb5 11. Nxb5 axb5 12. h3 Bc8 13. Qd3 c5 14. dxc5 dxc5 15.
b4 Be6 16. c3 Qc8 {... etc (illegible)} 1-0

[Event "NCL967 Northumbria-Witney"]
[Site "Rd2"]
[Date "1996.10.20"]
[Round "2.4"]
[White "Headlong, Tim"]
[Black "Wall, Tim"]
[Result "1/2-1/2"]
[WhiteElo "2250"]
[BlackElo "2320"]
[PlyCount "83"]
[EventDate "1996.10.20"]
[Source "J.Saunders"]
[SourceDate "1998.06.06"]

1. Nf3 d6 2. d4 f5 3. g3 Nf6 4. Bg2 g6 5. b3 Bg7 6. Bb2 O-O 7. O-O c6 8. Nbd2
Na6 9. Re1 d5 10. Ne5 Nc7 11. e3 Be6 12. Rc1 Nce8 13. c4 Nd6 14. f3 Kh8 15. a4
a5 16. Qc2 Rc8 17. Qb1 Bh6 18. Bc3 Bg7 19. Bb2 Bh6 20. Bc3 Kg8 21. c5 Nf7 22.
b4 axb4 23. Qxb4 Rb8 24. Rb1 Nd7 25. a5 g5 26. f4 Nfxe5 27. dxe5 Bf7 28. Rb2 e6
29. Reb1 Re8 30. Bd4 Bf8 31. Qc3 Qc7 32. Nf3 g4 33. Ne1 Be7 34. Nd3 Bd8 35. Qd2
h5 36. Rb3 Qc8 37. Kf2 Bc7 38. Bc3 Kg7 39. Qb2 Ra8 40. Rxb7 Bxa5 41. Bd4 h4 42.
Rb3 1/2-1/2

[Event "NCL967 Northumbria-Witney"]
[Site "Rd2"]
[Date "1996.10.20"]
[Round "2.5"]
[White "Ledger, David"]
[Black "Cooksey, Paul"]
[Result "1-0"]
[WhiteElo "2235"]
[BlackElo "2150"]
[PlyCount "95"]
[EventDate "1996.10.20"]
[Source "J.Saunders"]
[SourceDate "1998.06.06"]

1. d4 d5 2. c4 c6 3. Nc3 Nf6 4. Nf3 dxc4 5. a4 Bf5 6. Ne5 e6 7. Bg5 h6 8. Bxf6
Qxf6 9. e4 Bh7 10. Bxc4 Bb4 11. Qf3 Qxf3 12. gxf3 Nd7 13. Nd3 Be7 14. b4 Nb6
15. Bb3 Rd8 16. a5 Nc8 17. Ne2 Bf6 18. a6 b5 19. O-O-O Kd7 20. f4 Kc7 21. Nc5
Be7 22. f3 Kb6 23. Rhg1 g6 24. Nc3 g5 25. f5 exf5 26. Bxf7 Rhf8 27. Be6 fxe4
28. fxe4 Bxc5 29. dxc5+ Kxa6 30. Bxc8+ Rxc8 31. Rd7 Bg8 32. Kd2 Bb3 33. Ke3
Rfd8 34. Ra1+ Ba4 35. Rd6 Kb7 36. Nxa4 bxa4 37. Rxa4 g4 38. Rxd8 Rxd8 39. e5 h5
40. Ra2 Rd1 41. Ke4 Kc8 42. Kf5 Rd7 43. e6 Rd1 44. Rxa7 Rf1+ 45. Kg5 Kd8 46.
Kxh5 Rf4 47. Rb7 Kc8 48. e7 1-0

[Event "NCL967 Northumbria-Witney"]
[Site "Rd2"]
[Date "1996.10.20"]
[Round "2.6"]
[White "Dickinson, Tim"]
[Black "Waters, Clive"]
[Result "1-0"]
[WhiteElo "2165"]
[BlackElo "2235"]
[PlyCount "99"]
[EventDate "1996.10.20"]
[Source "J.Saunders"]
[SourceDate "1998.06.06"]

1. e4 e6 2. d4 d5 3. Nd2 Nf6 4. Bd3 c5 5. c3 Nc6 6. Ngf3 Be7 7. O-O dxe4 8.
Nxe4 cxd4 9. cxd4 O-O 10. Nc3 Nb4 11. Bb1 b6 12. a3 Nbd5 13. Ne5 Bb7 14. Qd3
Nxc3 15. bxc3 Rc8 16. Ba2 Rc7 17. Bb2 Qc8 18. Rac1 b5 19. a4 bxa4 20. c4 Rd8
21. Rfd1 Be4 22. Qe2 Bb4 23. Ng4 Nxg4 24. Qxe4 a3 25. Bc3 f5 26. Qe1 a5 27.
Bxb4 axb4 28. Qxb4 Rb7 29. Qxa3 Qb8 30. g3 Ra7 31. Qb3 Qa8 32. Bb1 Ra3 33. Qb6
Nxf2 34. Qxe6+ Kh8 35. Kxf2 f4 36. Qe4 fxg3+ 37. hxg3 Rf8+ 38. Kg1 Rxg3+ 39.
Kh2 Qxe4 40. Bxe4 Rg4 41. Bg2 Rf2 42. Rg1 g5 43. c5 Rf6 44. Bh3 Rxd4 45. Rxg5
h6 46. Rg2 Rc6 47. Rgc2 Kg7 48. Bg2 Rg6 49. c6 Rh4+ 50. Kg1 1-0

[Event "NCL967 Northumbria-Witney"]
[Site "Rd2"]
[Date "1996.10.20"]
[Round "2.8"]
[White "Moxley, Carl"]
[Black "Bhatia, Kanwal"]
[Result "1-0"]
[WhiteElo "1888"]
[BlackElo "2025"]
[PlyCount "69"]
[EventDate "1996.10.20"]
[Source "J.Saunders"]
[SourceDate "1998.06.06"]

1. d4 Nf6 2. Nf3 c5 3. c3 e6 4. Bg5 d5 5. e3 Nbd7 6. Nbd2 Be7 7. Bd3 O-O 8. O-O
Re8 9. Ne5 h6 10. Bxf6 Nxf6 11. f4 Qb6 12. Rb1 Bd7 13. g4 Bb5 14. Bxb5 Qxb5 15.
h4 Nh7 16. g5 f6 17. gxf6 Nxf6 18. Kh1 Rf8 19. Rg1 Qe8 20. Rg6 Nd7 21. Qg4 Nxe5
22. dxe5 Kh8 23. Rg1 Rg8 24. Qxe6 Qf8 25. Nf3 Rd8 26. Qg4 Rc8 27. Ng5 Rc6 28.
e6 Bxg5 29. hxg5 Rc8 30. f5 Kh7 31. Qf3 Rd8 32. gxh6 gxh6 33. Rxg8 Qxg8 34.
Rxg8 Rxg8 35. Qxd5 1-0

[Event "NCL967 Barbican-SW Dragons"]
[Site "Rd2"]
[Date "1996.10.20"]
[Round "2.1"]
[White "Crouch, Colin"]
[Black "Cummings, David"]
[Result "1/2-1/2"]
[WhiteElo "2375"]
[BlackElo "2360"]
[PlyCount "36"]
[EventDate "1996.10.20"]
[Source "J.Saunders"]
[SourceDate "1998.06.06"]

1. d4 d5 2. c4 c6 3. Nf3 Nf6 4. Nc3 a6 5. c5 g6 6. g3 Bg7 7. Bg2 Nbd7 8. O-O
O-O 9. Bg5 h6 10. Bf4 Re8 11. Qc1 Kh7 12. Ne5 Nxe5 13. Bxe5 Nd7 14. Bxg7 Kxg7
15. e4 dxe4 16. Nxe4 Nf6 17. Nxf6 exf6 18. Qc3 Be6 1/2-1/2

[Event "NCL967 Barbican-SW Dragons"]
[Site "Rd2"]
[Date "1996.10.20"]
[Round "2.2"]
[White "Zeidler, Sven"]
[Black "Pritchett, Craig"]
[Result "1/2-1/2"]
[WhiteElo "2265"]
[BlackElo "2325"]
[PlyCount "34"]
[EventDate "1996.10.20"]
[Source "J.Saunders"]
[SourceDate "1998.06.06"]

1. e4 c5 2. Nc3 Nc6 3. Bb5 g6 4. Bxc6 bxc6 5. f4 Bg7 6. Nf3 d5 7. Qe2 c4 8. e5
Nh6 9. b3 d4 10. Ne4 d3 11. cxd3 cxd3 12. Qe3 O-O 13. Ba3 Bg4 14. Nd4 Nf5 15.
Nxf5 Bxf5 16. O-O Re8 17. Ng3 Qd7 1/2-1/2